LIBRARY ONLINE CATALOGUE

Essentials of economics / (Record no. 1601)

MARC details
000 -LEADER
fixed length control field 00594nam a22002052 4500
001 - CONTROL NUMBER
control field 0000021018
005 - DATE AND TIME OF LATEST TRANSACTION
control field 20151021152604.0
008 - FIXED-LENGTH DATA ELEMENTS--GENERAL INFORMATION
fixed length control field 120109s xx 000 0 eng d
020 ## - INTERNATIONAL STANDARD BOOK NUMBER
International Standard Book Number 0071101462 :
040 ## - CATALOGING SOURCE
Original cataloging agency KABU
Transcribing agency KABU
100 1# - MAIN ENTRY--PERSONAL NAME
Personal name Schiller, Bradley R.
-- 0000149971
245 10 - TITLE STATEMENT
Title Essentials of economics /
Statement of responsibility, etc. Bradley R. Schiller.
250 ## - EDITION STATEMENT
Edition statement 6th ed.
260 ## - PUBLICATION, DISTRIBUTION, ETC. (IMPRINT)
Place of publication, distribution, etc. Boston :
Name of publisher, distributor, etc. McGraw Hill,
Date of publication, distribution, etc. 2007.
300 ## - PHYSICAL DESCRIPTION
Extent xxvi, 420 p.
650 #0 - SUBJECT ADDED ENTRY--TOPICAL TERM
Topical term or geographic name as entry element Economics.
-- 0000148279
852 1# - LOCATION
-- p2850 KES
908 ## - PUT COMMAND PARAMETER (RLIN)
Put command parameter 120109
950 ## - LOCAL HOLDINGS (RLIN)
-- 1
Holdings
Withdrawn status Lost status Source of classification or shelving scheme Not for loan Home library Current library Date acquired Total Checkouts Full call number Barcode Date last seen Date last checked out Copy number Price effective from Koha item type
    Library of Congress Classification   Kabarak, Main Campus Kabarak, Main Campus 21/10/2015 6 HB171.5 S35 2007 c. 1 20280 26/05/2025 15/05/2025 c.1 21/10/2015 General Collection